Unitat d'Europa / (Record no. 73723)

MARC details
000 -LEADER
campo de control de longitud fija 00614nam a2200193 i 4500
001 - NÚMERO DE CONTROL
campo de control 73723
003 - IDENTIFICADOR DE NÚMERO DE CONTROL
campo de control ES-MaACL
005 - FECHA Y HORA DE LA ÚLTIMA TRANSACCIÓN
campo de control 20230906171914.0
007 - CAMPO FIJO DE DESCRIPCIÓN FÍSICA--INFORMACIÓN GENERAL
campo de control de longitud fija t|
008 - DATOS DE LONGITUD FIJA--INFORMACIÓN GENERAL
campo de control de longitud fija 040910s1961 sp ||||1| cat d
100 1# - ENTRADA PRINCIPAL--NOMBRE DE PERSONA
Nombre de persona Gonella, Guido.
9 (RLIN) 58238
245 10 - MENCIÓN DEL TÍTULO
Título Unitat d'Europa /
Mención de responsabilidad, etc. Guido Gonella . La crisi de la democracia / Luigi Sturzo ; traducción de Pere Catalá i Roca.
260 ## - PUBLICACIÓN, DISTRIBUCIÓN, ETC.
Lugar de publicación, distribución, etc. Barcelona :
Nombre del editor, distribuidor, etc. Dalmau,
Fecha de publicación, distribución, etc. [1961]
300 ## - DESCRIPCIÓN FÍSICA
Extensión 52 p. ;
Dimensiones 18 cm.
700 1# - ENTRADA AGREGADA--NOMBRE PERSONAL
Nombre de persona Sturzo, Luigi.
9 (RLIN) 108523
700 1# - ENTRADA AGREGADA--NOMBRE PERSONAL
Nombre de persona Catalá i Roca, Pere.
9 (RLIN) 37011
740 3# - ENTRADA AGREGADA--TÍTULO RELACIONADO/ANALÍTICO NO CONTROLADO
Título relacionado o analítico no controlado La crisi de la democracia.
852 ## - LOCALIZACIÓN
Ubicación ES-MaACL
Número de control de estantería 1989-F-19
Sublocalización o colección R.48297
Holdings
Estatus retirado Estado de pérdida Estado de daño No para préstamo Colección Biblioteca de origen Biblioteca actual Ubicación en estantería Fecha de adquisición Fuente de adquisición Total de préstamos Signatura topográfica completa Código de barras Visto por última vez Precio de reemplazo Tipo de ítem Koha
        Colección de folletos Biblioteca del Ateneo de Madrid Biblioteca del Ateneo de Madrid Depósito folletos 17/01/2008     1989-F-19 1077166 23/02/2023 23/02/2023 Folleto